Die geschichte der philosophie vor Sokrates

Guardat en:
Dades bibliogràfiques
Autor principal: Böcker, Walter (Autor)
Format: Llibre
Idioma:alemany
Publicat: Vittorio Klostermann 1965
Matèries:
Etiquetes: Afegir etiqueta
Sense etiquetes, Sigues el primer a etiquetar aquest registre!

MARC

LEADER 00000nam a2200000 a 4500
001 UCY5886
003 CL-VaPUC
005 20230313162516.0
008 950512e19650000GW |||||||||||||||||ger|d
999 |c 233492  |d 233490 
040 |c Pontificia Universidad Católica de Valparaíso 
082 0 4 |a 180.92  |b BRO  |2 21 
100 0 |a Böcker, Walter  |e author  |9 335289 
245 1 4 |a Die geschichte der philosophie vor Sokrates 
260 |b Vittorio Klostermann  |c 1965 
300 |a 118 p 
583 |a last modification  |c 20120828 09:46:50  |k Rodrigo Vera 
600 0 |a Sócrates  |9 266368 
600 0 7 |a TALES DE MILETO  |2 CL-VaPUC  |9 335194 
600 0 7 |a ANAXIMANDRO  |2 CL-VaPUC  |9 335243 
600 0 7 |a Jenofonte  |d 431 A.C.-354 A.C  |9 858281 
600 0 |a HERACLITO  |9 848988 
600 0 |a Empédocles   |e autor  |9 335208 
600 0 |a Parménides  |d ca. 515 A.C.-ca. 470 A.C.  |9 870085 
600 0 7 |a ZENON  |2 CL-VaPUC  |9 335291 
600 0 7 |a MELISSO  |2 CL-VaPUC  |9 335177 
600 0 7 |a ANAXAGORAS  |2 CL-VaPUC  |9 335190 
650 0 |a Filosofía antigua   |9 255705 
650 0 |a Biografías  |9 255210 
650 0 |a Filósofos   |9 269126 
651 0 |a Grecia  |9 265314 
852 |a BIBCUR 
942 |c BK  |2 ddc 
945 |d 19950512 00:00:00  |a oaravena 
952 |0 0  |1 0  |4 0  |6 180_920000000000000_BRO_1965  |7 0  |8 P  |9 239056  |a BIBEDU  |b BIBEDU  |c BIBEDU_PB  |d 2019-11-18  |i 1501623  |o 180.92 BRO 1965  |p 1501623  |r 2024-01-25  |w 2019-11-18  |y BK  |k FIL